<?xml version="1.0" encoding="UTF-8"?>
<record
    xmlns:xsi="http://www.w3.org/2001/XMLSchema-instance"
    xsi:schemaLocation="http://www.loc.gov/MARC21/slim http://www.loc.gov/standards/marcxml/schema/MARC21slim.xsd"
    xmlns="http://www.loc.gov/MARC21/slim">

  <leader>00952nam a22002654i 4500</leader>
  <datafield tag="999" ind1=" " ind2=" ">
    <subfield code="c">7905</subfield>
    <subfield code="d">7905</subfield>
  </datafield>
  <controlfield tag="001">991061127972206706</controlfield>
  <controlfield tag="003">OSt</controlfield>
  <controlfield tag="005">20240604111709.0</controlfield>
  <controlfield tag="008">240509e202404  spc |||gr|||| 000 0 spa|c</controlfield>
  <datafield tag="017" ind1=" " ind2=" ">
    <subfield code="a">DL B 6915-2024</subfield>
    <subfield code="b">Biblioteca de Catalunya</subfield>
  </datafield>
  <datafield tag="020" ind1=" " ind2=" ">
    <subfield code="a">9788411660396</subfield>
  </datafield>
  <datafield tag="040" ind1=" " ind2=" ">
    <subfield code="a">ES-BaUOC</subfield>
    <subfield code="b">cat</subfield>
    <subfield code="e">rda</subfield>
    <subfield code="c">CDMR</subfield>
  </datafield>
  <datafield tag="100" ind1="1" ind2=" ">
    <subfield code="a">Picola Meix, Josep Maria,</subfield>
  </datafield>
  <datafield tag="245" ind1="1" ind2="1">
    <subfield code="a">&#xBF;Nueva televisi&#xF3;n? Nueva comunicaci&#xF3;n :</subfield>
    <subfield code="b">el impacto de los cambios del consumo audiovisual en las formas de comunicar /</subfield>
    <subfield code="c">Josep Maria Picola Meix ; pr&#xF3;logo de Ana Palencia</subfield>
  </datafield>
  <datafield tag="264" ind1=" " ind2="1">
    <subfield code="a">Barcelona :</subfield>
    <subfield code="b">Fundaci&#xF3; Universitat Oberta de Catalunya,</subfield>
    <subfield code="c">2024</subfield>
  </datafield>
  <datafield tag="300" ind1=" " ind2=" ">
    <subfield code="a">209 p&#xE0;gines ;</subfield>
    <subfield code="c">24 cm</subfield>
  </datafield>
  <datafield tag="490" ind1="1" ind2=" ">
    <subfield code="a">Dircom ;</subfield>
    <subfield code="v">19</subfield>
  </datafield>
  <datafield tag="504" ind1=" " ind2=" ">
    <subfield code="a">Bibliografia</subfield>
  </datafield>
  <datafield tag="650" ind1=" " ind2="7">
    <subfield code="a">Comunicaci&#xF3; audiovisual</subfield>
    <subfield code="2">lemac</subfield>
    <subfield code="x">Aspectes socials</subfield>
  </datafield>
  <datafield tag="650" ind1=" " ind2="0">
    <subfield code="a">Televisi&#xF3;</subfield>
    <subfield code="2">lemac</subfield>
    <subfield code="9">1190</subfield>
    <subfield code="x">Aspectes socials</subfield>
  </datafield>
  <datafield tag="830" ind1=" " ind2="0">
    <subfield code="a">Dircom colecci&#xF3;n ;</subfield>
    <subfield code="v">19</subfield>
  </datafield>
  <datafield tag="908" ind1=" " ind2=" ">
    <subfield code="a">UOC</subfield>
    <subfield code="a">FILMO</subfield>
  </datafield>
  <datafield tag="940" ind1=" " ind2=" ">
    <subfield code="a">UOC</subfield>
  </datafield>
  <datafield tag="942" ind1=" " ind2=" ">
    <subfield code="2">udc</subfield>
    <subfield code="c">MON</subfield>
  </datafield>
  <datafield tag="952" ind1=" " ind2=" ">
    <subfield code="0">0</subfield>
    <subfield code="1">0</subfield>
    <subfield code="4">0</subfield>
    <subfield code="7">0</subfield>
    <subfield code="a">CDMR</subfield>
    <subfield code="b">CDMR</subfield>
    <subfield code="d">2024-06-04</subfield>
    <subfield code="e">Donaci&#xF3;</subfield>
    <subfield code="g">23.00</subfield>
    <subfield code="l">2</subfield>
    <subfield code="m">1</subfield>
    <subfield code="o">Fi /42</subfield>
    <subfield code="p">CDMR24060001</subfield>
    <subfield code="r">2024-09-18</subfield>
    <subfield code="s">2024-09-02</subfield>
    <subfield code="w">2024-06-04</subfield>
    <subfield code="y">MON</subfield>
  </datafield>
</record>
